|
|
|
|
| LEADER |
01268nam a2200337 i 4500 |
| 001 |
34425 |
| 003 |
BD-DhAAL |
| 005 |
20211129110324.0 |
| 008 |
190327t2018 enka b 001 0 eng |
| 999 |
|
|
|c 40621
|d 40621
|
| 010 |
|
|
|a 2017050236
|
| 020 |
|
|
|a 9781138039568 (pbk. : alk. paper)
|
| 020 |
|
|
|a 9781138039520 (hardback : alk. paper)
|
| 040 |
|
|
|a DLC
|b eng
|c DLC
|e rda
|d DLC
|d BD-DhAAL
|
| 042 |
|
|
|a pcc
|
| 050 |
0 |
0 |
|a HF5415.1265
|b .C488 2018
|
| 082 |
0 |
0 |
|a 658.872
|2 23
|
| 100 |
1 |
|
|a Charlesworth, Alan,
|d 1956-
|9 30713
|
| 240 |
1 |
0 |
|a Internet marketing
|
| 245 |
1 |
0 |
|a Digital marketing :
|b a practical approach /
|c Alan Charlesworth.
|
| 250 |
|
|
|a Third edition.
|
| 260 |
|
|
|a Abingdon, Oxon ;
|a New York :
|b Routledge, Taylor & Francis Group,
|c c2018.
|
| 300 |
|
|
|a xxv, 326 pages :
|b illustrations, map ;
|c 25 cm
|
| 504 |
|
|
|a Includes bibliographical references and index.
|
| 526 |
|
|
|a BBS
|
| 541 |
|
|
|a Parama
|e 34425
|
| 650 |
|
0 |
|a Internet marketing.
|9 30714
|
| 650 |
|
0 |
|a Business & finance.
|9 43340
|
| 852 |
|
|
|a Ayesha Abed Library
|c General Stacks
|
| 942 |
|
|
|2 ddc
|c BK
|
| 952 |
|
|
|0 0
|1 0
|2 ddc
|4 0
|6 658_872000000000000_CHA
|7 0
|9 65183
|a BRACUL
|b BRACUL
|c GEN
|d 2019-02-26
|e Parama
|g 2981.29
|l 8
|m 71
|o 658.872 CHA
|p 3010034425
|r 2026-04-05
|s 2025-06-25
|t 1
|v 2981.29
|w 2019-02-26
|y BK
|